000 00739nam a2200229 i 4500
001 172470
003 ES-MaACL
005 20230906214927.0
008 090708s1989 fr |||| | fre d
020 _a2-259-02018-6
080 _a342.228(44)(091)
100 1 _aLuxardo, Hervé.
_9141007
245 1 0 _aHistoire de la Marsellaise /
_cHervé Luxardo.
260 _aParis :
_bPlon,
_c[1989]
300 _a235 p. :
_bil. ;
_c23 cm.
490 1 _aTerres de France
600 1 4 _aRouget de Lisle, Claude-Joseph.
_9141009
650 4 _aHimnos nacionales-
_zFrancia-
_vHistoria.
_9141008
830 0 _aTerres de France
_9223333
852 _aES-MaACL
_jE-12782
_9R.139359
_z.- Biblioteca Jacinto Martínez Lacalle
999 _c172470
_d172470